All Utah Cities on a Map - Statistics

General Stats
  • This quiz has been taken 59 times
  • The average score is 61 of 326
Answers on the Map
Answers color-coded by a green-red scale on the quiz's map according to % correct below.
 
Answer Stats
City Population % Correct
Salt Lake City 217,783
98%
Provo 115,479
90%
Ogden 88,656
84%
St. George 106,288
82%
West Valley City 138,144
71%
Orem 96,646
67%
West Jordan 116,688
63%
Logan 56,770
61%
Lehi 93,446
59%
Sandy 92,840
57%
South Jordan 86,156
57%
Moab 5,242
51%
Park City 8,292
49%
Spanish Fork 47,809
49%
Cedar City 40,885
47%
Washington 35,501
47%
American Fork 41,298
45%
Layton 84,348
43%
Hurricane 24,753
41%
Murray 50,817
41%
South Salt Lake 26,561
41%
Brigham City 20,319
39%
Farmington 26,163
39%
Vernal 10,698
39%
Draper 50,166
37%
Herriman 62,352
37%
North Salt Lake 23,593
37%
Heber 19,042
35%
Kanab 5,291
35%
Mount Pleasant 3,935
35%
Nephi 7,326
35%
Springville 36,027
35%
Taylorsville 57,819
35%
Tooele 40,919
35%
Bountiful 45,024
33%
Eagle Mountain 60,575
33%
North Ogden 22,908
33%
Price 8,278
33%
Roy 38,719
33%
Saratoga Springs 57,411
33%
South Ogden 17,749
33%
Alpine 10,548
31%
Green River 887
31%
Millcreek 64,217
31%
Panguitch 1,788
31%
Pleasant Grove 38,127
31%
Salem 11,283
31%
Springdale 595
31%
Woods Cross 11,493
31%
Alta 228
29%
Beaver 3,749
29%
Bluff 250
29%
Bluffdale 19,393
29%
Magna 31,381
29%
Payson 24,666
29%
Wendover 1,133
29%
Cottonwood Heights 32,437
27%
Lindon 12,018
27%
Midvale 36,219
27%
Riverton 46,680
27%
Cedar Hills 9,916
24%
Clearfield 34,778
24%
Ephraim 6,220
24%
Fillmore 2,788
24%
Grantsville 15,682
24%
Highland 21,146
24%
Ivins 11,108
24%
Kaysville 33,252
24%
Kearns 39,398
24%
North Logan 11,727
24%
Richfield 8,330
24%
Santaquin 18,394
24%
Brighton 466
22%
Bryce Canyon City 352
22%
Centerville 16,560
22%
Clinton 23,728
22%
Delta 3,730
22%
Escalante 822
22%
Hildale 1,261
22%
Holladay 30,588
22%
Kanarraville 495
22%
La Verkin 4,529
22%
Midway 6,064
22%
Monticello 1,757
22%
Riverdale 9,184
22%
Roosevelt 7,390
22%
Santa Clara 8,631
22%
Snowville 164
22%
Syracuse 38,999
22%
Vineyard 16,077
22%
Boulder 244
20%
Coalville 1,541
20%
Enoch 8,664
20%
Farr West 8,121
20%
Helper 2,126
20%
Joseph 306
20%
Mapleton 14,812
20%
Parowan 3,283
20%
Scipio 370
20%
Summit 208
20%
Tremonton 12,677
20%
West Bountiful 5,884
20%
Blanding 3,216
18%
Duchesne 1,664
18%
Eden 873
18%
Elk Ridge 5,003
18%
Eureka 661
18%
Fruit Heights 5,969
18%
Garland 2,772
18%
Hooper 9,548
18%
Kamas 2,145
18%
Manti 3,712
18%
Mexican Hat 18
18%
Monroe 2,711
18%
Morgan 4,553
18%
Moroni 1,673
18%
Stansbury Park 11,163
18%
Tropic 504
18%
Uintah 1,403
18%
Virgin 708
18%
Washington Terrace 9,091
18%
Castle Dale 1,537
16%
Cedar Fort 420
16%
Circleville 537
16%
Fountain Green 1,303
16%
Gunnison 3,617
16%
Honeyville 1,783
16%
Hyde Park 5,766
16%
Hyrum 11,043
16%
Milford 1,439
16%
Mona 1,950
16%
Orderville 589
16%
Perry 6,111
16%
Plain City 8,880
16%
Providence 9,447
16%
Smithfield 15,018
16%
South Weber 8,155
16%
Sundance 76
16%
Torrey 260
16%
White City 5,918
16%
Altamont 250
14%
Antimony 123
14%
Apple Valley 931
14%
Aurora 1,053
14%
Benjamin 690
14%
Brian Head 164
14%
Dutch John 139
14%
Emigration Canyon 1,572
14%
Enterprise 2,962
14%
Fielding 631
14%
Garden 122
14%
Genola 1,653
14%
Goshen 984
14%
Hanksville 170
14%
Harrisville 6,947
14%
Hatch 139
14%
Hideout 1,489
14%
Leeds 860
14%
Levan 915
14%
Loa 511
14%
Meadow 348
14%
Mountain Green 3,739
14%
New Harmony 248
14%
Nibley 8,615
14%
Oakley 1,566
14%
Palmyra 346
14%
Paragonah 577
14%
Richmond 3,092
14%
Salina 2,610
14%
Stockton 618
14%
Sunset 5,372
14%
Tabiona 156
14%
Toquerville 1,995
14%
Wellsville 4,272
14%
West Point 12,726
14%
Willard 2,355
14%
Bicknell 328
12%
Big Water 535
12%
Cannonville 191
12%
Castle Valley 367
12%
Central 773
12%
Charleston 409
12%
Clarkston 764
12%
Cleveland 516
12%
Copperton 889
12%
Cove 412
12%
Daniel 841
12%
Emery 317
12%
Erda 4,035
12%
Fairview 1,302
12%
Francis 1,857
12%
Henefer 817
12%
Hinckley 641
12%
Holden 459
12%
Huntington 1,984
12%
Huntsville 603
12%
Junction 209
12%
Kanosh 502
12%
Laketown 324
12%
La Sal 251
12%
Leamington 278
12%
Lewiston 1,971
12%
Lynndyl 123
12%
Manila 321
12%
Mantua 1,354
12%
Marriott-Slaterville 2,238
12%
Mendon 1,340
12%
Minersville 882
12%
Myton 570
12%
Newton 845
12%
Oak City 633
12%
Orangeville 1,269
12%
Paradise 1,048
12%
Pine Valley 372
12%
Pleasant View 11,337
12%
Plymouth 492
12%
Portage 292
12%
Randolph 499
12%
Rockville 223
12%
Spring City 1,026
12%
Trenton 540
12%
Vernon 296
12%
Veyo 330
12%
Wallsburg 305
12%
West Haven 24,617
12%
Woodland 505
12%
Woodruff 176
12%
Amalga 517
10%
Annabella 886
10%
Avon 499
10%
Ballard 1,277
10%
Benson 1,864
10%
Corinne 879
10%
Cornish 287
10%
Dammeron Valley 962
10%
Deseret 505
10%
Deweyville 455
10%
Echo 134
10%
Elmo 423
10%
Elsinore 882
10%
Elwood 1,333
10%
Fairfield 158
10%
Fayette 269
10%
Ferron 1,525
10%
Flaming Gorge 55
10%
Garden City 732
10%
Glenwood 492
10%
Granite 813
10%
Howell 237
10%
Independence 108
10%
Jensen 331
10%
Kingston 135
10%
Koosharem 310
10%
Lake Shore 1,242
10%
Lyman 217
10%
Marysvale 473
10%
Mayfield 603
10%
Millville 2,490
10%
Naples 2,492
10%
Redmond 808
10%
River Heights 2,228
10%
Riverside 1,238
10%
Rocky Ridge 1,034
10%
Scofield 25
10%
Sigurd 431
10%
Snyderville 6,143
10%
South Willard 1,378
10%
Sterling 300
10%
Summit Park 8,545
10%
Wales 367
10%
Wanship 252
10%
Wellington 1,617
10%
Woodland Hills 1,613
10%
Alton 116
8%
Aneth 324
8%
Bear River City 901
8%
Bluebell 272
8%
Carbonville 1,410
8%
Centerfield 1,446
8%
Central Valley 683
8%
Clawson 168
8%
East Basin 3,613
8%
Fremont 34
8%
Glendale 333
8%
Halchita 302
8%
Henrieville 231
8%
Hoytsville 788
8%
Interlaken 156
8%
Liberty 1,333
8%
Maeser 4,533
8%
Marion 694
8%
Montezuma Creek 256
8%
Neola 370
8%
Newcastle 231
8%
Rush Valley 484
8%
Silver Summit 1,574
8%
Spanish Valley 925
8%
Spring Glen 925
8%
Spring Lake 705
8%
Sutherland 141
8%
Timber Lakes 966
8%
Tselakai Dezza 92
8%
West Mountain 1,371
8%
White Mesa 74
8%
Whiterocks 100
8%
Cache 108
6%
Cedar Highlands 27
6%
Clear Creek 24
6%
Dugway 441
6%
Elberta 304
6%
Fort Duchesne 375
6%
Hobble Creek 158
6%
Kenilworth 175
6%
Lapoint 49
6%
Navajo Mountain 643
6%
Oasis 58
6%
Oljato-Monument Valley 683
6%
Ophir 26
6%
Peoa 86
6%
Peter 421
6%
Randlett 111
6%
Samak 115
6%
Teasdale 352
6%
Thatcher 1,094
6%
West Wood 833
6%
Wolf Creek 1,599
6%
No matching quizzes found
Score Distribution
Percent of People with Each Score
Percentile by Number Answered
Your Score History
You have not taken this quiz